La dominación haitiana : 1822-1844 /

Guardat en:
Dades bibliogràfiques
Autor principal: Moya Pons, Frank (autor)
Format: Llibre
Idioma:espanyol
Publicat: Santiago, República Dominicana : Universidad Católica Madre y Maestra, 1978, c1978
Etiquetes: Afegir etiqueta
Sense etiquetes, Sigues el primer a etiquetar aquest registre!

MARC

LEADER 00000nam^a2200000^a^4500
001 000456127
005 20250521000000.0
009 20260310124012.927
037 |a Acervo Xavier Clavigero 
041 |a ESP 
091 |a FCA. 06106 
100 |a Moya Pons, Frank  |e (autor) 
245 1 3 |a La dominación haitiana :  |b 1822-1844 / 
264 4 |a Santiago, República Dominicana :  |b Universidad Católica Madre y Maestra,  |c 1978, c1978 
300 |a 221 p. 
336 |a texto  |b txt  |2 rdacontenido 
337 |a sin mediación  |b n  |2 rdamedio 
338 |a volumen  |b nc  |2 rdasoporte 
649 |a XX 
910 |a Fondo Xavier Cacho Vázquez S.J. 
920 |a Impresos - Libros 
930 |a Fondos Especiales 
905 |a 131 
901 |a 0500375203  |b IT2  |c ESP  |i D  |u 20250521 
902 |a https://opac.biblio.iteso.mx/vufind/Record/000456127